Manažeři v předstihu
Úloha vedúcich osobností manažmentu. Niektoré osobnosti manažmentu, ktoré predbehli svoju dobu a významne prispeli ku know-how v manažmente. (Pozri aj článok na s. 15-21).
Gespeichert in:
| 1. Verfasser: | |
|---|---|
| Format: | Buchkapitel |
| Sprache: | Tschechisch |
| Schlagworte: | |
| Tags: |
Keine Tags, Fügen Sie das erste Tag hinzu!
|
MARC
| LEADER | 00000naa a2200000 4500 | ||
|---|---|---|---|
| 001 | r020212 | ||
| 005 | 20221208131016.5 | ||
| 041 | 0 | |a cze | |
| 044 | |a CZ | ||
| 245 | 1 | 0 | |a Manažeři v předstihu |c Jan Truneček |
| 520 | |a Úloha vedúcich osobností manažmentu. Niektoré osobnosti manažmentu, ktoré predbehli svoju dobu a významne prispeli ku know-how v manažmente. (Pozri aj článok na s. 15-21). | ||
| 610 | 2 | 0 | |a manažéri |
| 610 | 2 | 0 | |a osobnosť |
| 610 | 2 | 0 | |a manažment |
| 610 | 2 | 0 | |a riadenie podnikové |
| 100 | 1 | |a Truneček, Jan | |